All Journey Songs - Statistics

General Stats
  • This quiz has been taken 4 times
  • The average score is 9 of 235
Answer Stats
Answer % Correct
Don't Stop Believin'
50%
Open Arms
50%
Stone in love
50%
Stone in Love
50%
Wheel in the Sky
50%
Anytime
25%
Anyway
25%
Any Way You Want It
25%
Anyway You Want It
25%
Faithfully
25%
Just the Same Way
25%
Lights
25%
Lovin', Touchin', Squeezin'
25%
Majestic
25%
Only the Young
25%
Separate Ways (Worlds Apart)
25%
Walks Like a Lady
25%
Who's Crying Now
25%
1990's Theme
0%
A Better Life
0%
A Few Coins
0%
After All These Years
0%
After Glow
0%
After the Fall
0%
All Day and All Night
0%
All the Things
0%
All The Way
0%
A New Tron and the MCP
0%
Anthem
0%
Anything is Possible
0%
Arrival
0%
Ask the Lonely
0%
Baby I'm a Leavin' You
0%
Back Talk
0%
Beautiful as You Are
0%
Be Good to Yourself
0%
Believe
0%
Better Together
0%
Beyond the Clouds
0%
Butterfly (She Flies Alone)
0%
Can Do
0%
Can't Tame the Lion
0%
Castles Burning
0%
Chain of Love
0%
Chain Reaction
0%
Change for the Better
0%
City of Hope
0%
City of the Angels
0%
Colors of the Spirit
0%
Come Away with Me
0%
Creation of Tron
0%
Daydream
0%
Dead or Alive
0%
Departure
0%
Destiny
0%
Don't Be Down on Me Baby
0%
Don't Give Up On Us
0%
Don't Go
0%
Do You Recall
0%
Dream, After Dream
0%
Easy to Fall
0%
Eclipse
0%
Edge of the Blade
0%
Edge of the Moment
0%
Ending Titles
0%
Escape
0%
Every Generation
0%
Evolution
0%
Faith in the Heartland
0%
Feeling That Way
0%
Festival Dance
0%
Forever in Blue
0%
Freedom
0%
Frontiers
0%
Generations
0%
Girl Can't Help It
0%
Gone Crazy
0%
Good Morning Girl
0%
Happy to Give
0%
Here We Are
0%
Higher Place
0%
Holdin' On
0%
Homemade Love
0%
Human Feel
0%
Hustler
0%
I Can Breathe
0%
I Can See It in Your Eyes
0%
If He Should Break Your Heart
0%
I Got a Reason
0%
I'll Be Alright Without You
0%
I'm Cryin'
0%
I'm Gonna Leave You
0%
Infinity
0%
In My Lonely Feeling / Conversations
0%
In Self-Defense
0%
In the Morning Day
0%
It Could Have Been You
0%
It's All Too Much
0%
It's Just the Rain
0%
I Would Find You
0%
Journey
0%
Karma
0%
Keep On Runnin'
0%
Kiss Me Softly
0%
Knowing That You Love Me
0%
Kohoutek
0%
La Do Da
0%
Lady Luck
0%
Lay it Down
0%
Let It Rain
0%
Let It Take You Back
0%
Liberty
0%
Life Rolls On
0%
Lifetime of Dreams
0%
Like a Sunshower
0%
Line of Fire
0%
Little Girl
0%
Live and Breathe
0%
Live to Love Again
0%
Livin' to Do
0%
Look into the Future
0%
Loved by You
0%
Love Theme
0%
Lovin' You Is Easy
0%
Magic Landings
0%
Message of Love
0%
Midnight Dreamer
0%
Miracle and Magician
0%
Moon Theme
0%
Mother, Father
0%
Mystery Mountain
0%
Natural Thing
0%
Never Too Late
0%
Never Walk Away
0%
Next
0%
Nickel and Dime
0%
Nothin' Comes Close
0%
Of a Lifetime
0%
On a Saturday Nite
0%
Once You Love Somebody
0%
One More
0%
Only Solutions
0%
Opened the Door
0%
Out of Harms Way
0%
Patiently
0%
People
0%
People and Places
0%
Positive Touch
0%
Precious Time
0%
Raised on Radio
0%
Red 13
0%
Red 13 / State of Grace
0%
Resonate
0%
Revelation
0%
Ring Game and Escape
0%
Ritual
0%
Rubicon
0%
Sandcastles
0%
Sea of Simulation
0%
Send Her My Love
0%
She Makes Me Alright
0%
She's a Mystery
0%
Signs of Life
0%
Snow Theme
0%
Someday Soon
0%
Someone
0%
Somethin' to Hide
0%
Spaceman
0%
Stay Awhile
0%
Still Believe in Love
0%
Still She Cries
0%
Still They Ride
0%
Suzanne
0%
Sweet and Simple
0%
Tantra
0%
The Eyes of a Woman
0%
The Journey
0%
The Light Sailer
0%
Theme From Tron
0%
The Place in Your Heart
0%
The Rape
0%
The Time
0%
The Way We Used to Be
0%
To Be Alive Again
0%
Together We Run
0%
Too Late
0%
Topaz
0%
To Play Some Music
0%
Tower Music / Let Us Pray
0%
To Whom It May Concern
0%
Trial by Fire
0%
Tron
0%
Tron Scherzo
0%
Troubled Child
0%
Turn Down the World Tonight
0%
United We Stand
0%
Venus
0%
Walkin' Away from the Edge
0%
Water, Music, and Tronaction
0%
We've Got Company
0%
We Will Meet Again
0%
What I Needed
0%
What It Takes to Win
0%
When I Think of You
0%
When the Love Has Gone
0%
When You Love a Woman
0%
When You're Alone (It Ain't Easy)
0%
Where Did I Lose Your Love
0%
Where Were You
0%
Why Can't This Night Go on Forever
0%
Wildest Dream
0%
Winds of March
0%
With Your Love
0%
World Gone Wild
0%
Wormhole
0%
You Got the Best of Me
0%
You're on Your Own
0%
No matching quizzes found
Score Distribution
Percent of People with Each Score
Percentile by Number Answered
Your Score History
You have not taken this quiz